000 00292nam a2200133 i 4500
001 bg
100 1 _aMATYAS, J.
245 0 _aOptimal control systems /
_cJ. Matyas.
260 _aLondon,
_c1969.
040 _cBPK
041 _apol
942 _cKS
008 s pl f |000 0 pol
999 _c9065
_d9065
856 _uhttp://koha.tu.koszalin.pl/cgi-bin/koha/opac-detail.pl?biblionumber=9065
_yKatalog online BPK